| 000 | 00653nac a22001691u 4500 | ||
|---|---|---|---|
| 008 | 100906s2001 n |||||r|||| 00| 0 eng d | ||
| 020 | _a1-893115-96-8 | ||
| 082 |
_a005.133 _bLEN _222 |
||
| 100 |
_aJorelid, Lennart _918107 |
||
| 245 |
_aJ2EE FrontEnd Technologies: A Programmer's Guide to Servlets, JavaServer Pages, and Enterprise JavaBeans _cLennart Jorelid |
||
| 260 |
_aNew York : _bApress, _c2001. |
||
| 300 |
_a1112 pp. : _bill. ; _c24 cm. |
||
| 500 | _aIncludes index. | ||
| 650 |
_aJava (Computer program language) _918108 |
||
| 650 |
_av Handbooks, manuals, etc. _aJava (Computer program language) _918109 |
||
| 942 |
_cBB _k005.133J826 _2ddc |
||
| 999 |
_c526 _d526 |
||